Matemáticas para computación
Uloženo v:
| Hlavní autor: | |
|---|---|
| Médium: | Kniha |
| Jazyk: | španělština |
| Vydáno: |
Ciudad de México
McGraw-Hill
1992
|
| Edice: | Schaum
|
| Témata: | |
| Tagy: |
Přidat tag
Žádné tagy, Buďte první, kdo vytvoří štítek k tomuto záznamu!
|
MARC
| LEADER | 00000nam a2200000 a 4500 | ||
|---|---|---|---|
| 001 | UCY0117 | ||
| 003 | CL-VaPUC | ||
| 008 | 940713e19920000MX |||||||||||||||||spa|d | ||
| 082 | 0 | 4 | |a 519.4 |b LIP |2 21 |
| 100 | |a Lipschutz, Seymour |e autor |9 604228 | ||
| 245 | 1 | 0 | |a Matemáticas para computación |
| 300 | |a 356 p | ||
| 942 | |c BK | ||
| 945 | |d 19940713 00:00:00 |a mfernand | ||
| 260 | |a Ciudad de México |b McGraw-Hill |c 1992 | ||
| 650 | 0 | |a Análisis numérico |9 259387 | |
| 650 | 0 | |a Problemas, ejercicios, etc |9 259377 | |
| 650 | 0 | |a Algoritmos |9 260639 | |
| 650 | 0 | |a Ciencia de la computación |9 260608 | |
| 650 | 0 | |a Computadores |9 258188 | |
| 650 | 0 | |a Programación |9 259316 | |
| 583 | |a last modification |c 19940713 00:00:00 |k Rodrigo Vera | ||
| 490 | 0 | |a Schaum | |
| 999 | |c 229202 |d 229200 | ||
| 952 | |0 0 |1 0 |4 0 |6 519_400000000000000_LIP_1992 |7 0 |8 A |9 230024 |a BIBING |b BIBING |d 2019-11-15 |i 299495K |o 519.4 LIP 1992 |p 299495K |r 2025-01-20 |w 2019-11-15 |y BK |k ING | ||
| 952 | |0 0 |1 0 |4 0 |6 519_400000000000000_LIP_1992 |7 0 |8 A |9 230025 |a BIBING |b BIBING |d 2019-11-15 |i 2994968 |o 519.4 LIP 1992 |p 2994968 |r 2025-01-20 |w 2019-11-15 |y BK |k ING | ||
| 952 | |0 0 |1 0 |4 0 |6 519_400000000000000_LIP_1992 |7 0 |8 A |9 230026 |a BIBING |b BIBING |d 2019-11-15 |i 2994976 |o 519.4 LIP 1992 |p 2994976 |r 2025-01-20 |w 2019-11-15 |y BK |k ING | ||
| 952 | |0 0 |1 0 |4 0 |6 519_400000000000000_LIP_1992 |7 0 |8 A |9 230027 |a BIBING |b BIBING |d 2019-11-15 |i 2994984 |o 519.4 LIP 1992 |p 2994984 |r 2025-01-20 |w 2019-11-15 |y BK |k ING | ||